00299nam a2200109Ia 4500008004100000041000800041100001900049245005100068260003700119300000800156700002500164250110s9999 xx 000 0 und d aeng aSankhala Purva aPune Pavillion Urban Park For The City Of Pune bFinal Year B.Arch ID, Punec2014 a47p aGuide Name:Modak S N